| 000 | 00622nam a2200193Ia 4500 | ||
|---|---|---|---|
| 003 | GCL | ||
| 008 | 140319s9999 xx 000 0 ara d | ||
| 040 |
_aGCL / _cGCL |
||
| 082 | 0 | 4 |
_a001.6424 _bن س |
| 100 | 1 | _aنامبروف , ستيفن | |
| 245 | 1 | 0 |
_aكويك بيسك : المرجع الكامل / _cنامبروف , ستيفن |
| 700 | 1 | _aسرور على ابراهيم سرور | |
| 260 |
_a[S.N] : _bالدار الدولية للنشر والتوزيع ، _c1992 |
||
| 300 | _a587 ص | ||
| 490 | _a | ||
| 650 | 0 | 4 | _aالحاسبات الالكترونية |
| 650 | 0 | 4 | _aكويك بيسك |
| 942 |
_2ddc _cBK |
||
| 999 |
_c40556 _d40556 |
||